000 01203nam a22003017a 4500
999 _c1492
_d1492
003 AR-CdUCM
008 190227b ||||| |||| 00| 0 spa d
020 _a978-612-46583-1-0
040 _aMUNICIPALIDAD PROVINCIAL DEL CUSCO
_cBIBLIOTECA MUNICIPAL DEL CUSCO
082 _a726.60985611 /
_bT267
110 _aTelefonica
_95648
245 _aTesoros de la Catedral del Cusco /
260 _aLima :
_bGráfica Biblios,
_c2013.
300 _a299 paginas ;
505 _aContenido: El culto popular -- La construcción de la catedral -- Pintura, escultura y platería -- La curación del Taytacha-- El rescate de la catedral, 1997-2002 -- Un recorrido por la catedral: arquitectura, pintura y escultura.
650 _aSeñor de los Temblores
_95649
650 _aDiseño y construcción
_95650
650 _aArquitectura religiosa
_95651
650 _aÉpoca colonial
_91374
650 _aPintura religiosa
_95652
700 _aAparicio Flores, Manuel
_95653
700 _aFlores Ochoa, Jorge
_92915
700 _aSamanez Argumedo, Roberto
_95654
700 _aUgarte Perez, Juan Antonio
_95655
700 _aVega Centeno, Jose David
_95656
942 _2ddc
_cLIBROS
945 _awnts
_d2019-02-27